Plant pathology: concepts and laboratory exercises ed by Robert N Trigiano and others (Record no. 1209442)

MARC details
000 -LEADER
fixed length control field 01185nam a2200289Ia 4500
003 - CONTROL NUMBER IDENTIFIER
control field OSt
005 - DATE AND TIME OF LATEST TRANSACTION
control field 20221007121843.0
008 - FIXED-LENGTH DATA ELEMENTS--GENERAL INFORMATION
fixed length control field 221006b |||||||| |||| 00| 0 eng d
020 ## - INTERNATIONAL STANDARD BOOK NUMBER
International Standard Book Number 0849310377 (hbd)
-- 79.95
037 ## - SOURCE OF ACQUISITION
Terms of availability Textual
040 ## - CATALOGING SOURCE
Original cataloging agency BDL
Transcribing agency BDL
Language of cataloging eng
041 ## - LANGUAGE CODE
Source of code eng
Language code of text/sound track or separate title eng
100 ## - MAIN ENTRY--PERSONAL NAME
Personal name Trigiano Robert N Ed
9 (RLIN) 416054
245 #0 - TITLE STATEMENT
Title Plant pathology: concepts and laboratory exercises ed by Robert N Trigiano and others
Remainder of title Windham Mark T Ed Windham Alan S
260 ## - PUBLICATION, DISTRIBUTION, ETC.
Place of publication, distribution, etc. Boca
Name of publisher, distributor, etc. Raton CRC Press
Date of publication, distribution, etc. 2004
300 ## - PHYSICAL DESCRIPTION
Extent 413p
Dimensions cm.
500 ## - GENERAL NOTE
General note Includes bibliographical references; Glossary 379-391p; Appendix 1-2, 393-396p; Index 397-413p; ^n23/CSL/CARB/2003-2004/849^d2003-10-15^mPurchase; ; 2003-04/353^b2003-10-31^c075/2003-2004^d2003-10-29^eRs.3,272.50^fApple Books; ; 2003-12-02^bSB^c2003-12-02^dVinay
650 ## - SUBJECT ADDED ENTRY--TOPICAL TERM
Topical term or geographic name entry element Plant,Pathology
9 (RLIN) 458891
700 ## - ADDED ENTRY--PERSONAL NAME
Personal name Windham Alan S
9 (RLIN) 713045
700 ## - ADDED ENTRY--PERSONAL NAME
Personal name Windham Mark T Ed
9 (RLIN) 710165
942 ## - ADDED ENTRY ELEMENTS (KOHA)
Classification part I:4, P4
Koha item type Textual
Source of classification or shelving scheme Colon Classification (CC)
Holdings
Withdrawn status Lost status Source of classification or shelving scheme Damaged status Not for loan Home library Current library Date acquired Source of acquisition Total Checkouts Full call number Barcode Date last seen Price effective from Koha item type
    Colon Classification (CC)     Department of Botany Library Department of Botany Library 2022-10-07 Apple,   I:4 P4 BD0004845 2022-10-07 2022-10-07 Textual
Copyright @ Delhi University Library System